000 00506pab a2200193 454500
008 180718b2014 xxu||||| |||| 00| 0 eng d
100 _aMondal, Ajit
245 _aEducation for sustainable development in India: The policy perspective
260 _c2014
300 _ap.20-28,33
362 _a9 Jun
650 _aSustainable development - India
650 _aEducation - India
650 _aEducation
700 _aMete, Jayanta
773 _aUniversity News
908 _aN
909 _a104485
999 _c104481
_d104481